Notas críticas / (Record no. 184814)
[ view plain ]
| 000 -LEADER | |
|---|---|
| campo de control de longitud fija | 01713nam a2200277 i 4500 |
| 001 - NÚMERO DE CONTROL | |
| campo de control | 184814 |
| 003 - IDENTIFICADOR DE NÚMERO DE CONTROL | |
| campo de control | ES-MaACL |
| 005 - FECHA Y HORA DE LA ÚLTIMA TRANSACCIÓN | |
| campo de control | 20250809063541.0 |
| 008 - DATOS DE LONGITUD FIJA--INFORMACIÓN GENERAL | |
| campo de control de longitud fija | 160121s2006 sp |||| | spa d |
| 080 ## - NÚMERO DE LA CLASIFICACIÓN DECIMAL UNIVERSAL | |
| Número de la Clasificación Decimal Universal | 94(460)"17/19"(048) |
| 100 1# - ENTRADA PRINCIPAL--NOMBRE DE PERSONA | |
| Nombre de persona | Vilar, Juan Bautista, |
| Fechas asociadas al nombre | 1941-2018 |
| 9 (RLIN) | 114797 |
| 245 10 - MENCIÓN DEL TÍTULO | |
| Título | Notas críticas / |
| Mención de responsabilidad, etc. | J.B. Vilar, J.Mª. Egea Bruno, Mª. J. Vilar. |
| 260 ## - PUBLICACIÓN, DISTRIBUCIÓN, ETC. | |
| Lugar de publicación, distribución, etc. | Murcia : |
| Nombre del editor, distribuidor, etc. | Universidad, Departamento de Historia Moderna, Contemporánea y de América, 2006. |
| 300 ## - DESCRIPCIÓN FÍSICA | |
| Extensión | P. [331]-343 ; |
| Dimensiones | 24 cm. |
| 505 8# - NOTA DE CONTENIDO CON FORMATO | |
| Nota de contenido con formato | Contiene: ; |
| Título | Del liberalismo doctrinario al liberalismo democrático en la España del siglo XIX : en torno a tres publicaciones recientes / |
| Mención de responsabilidad | Juan B. Vilar. -- |
| Título | Sobre nacionalismo, regionalismo y articulación del Estado en la España contemporánea: el caso de Castilla y León / |
| Mención de responsabilidad | Pedro Mª. Egea Bruno. -- |
| Título | La transición y consolidación democráticas en España, a través de sus protagonistas / |
| Mención de responsabilidad | María José Vilar |
| 594 ## - Nota al título y mención de responsabilidad | |
| Nota al título y mención de responsabilidad | Recoge reseñas de diversas obras. |
| 595 ## - | |
| -- | Separata de: Anales de historia contemporánea, n. 22, 2006. |
| 650 #4 - PUNTO DE ACCESO ADICIONAL DE MATERIA--TÉRMINO DE MATERIA | |
| Término de materia o nombre geográfico como elemento de entrada | España- |
| Subdivisión general | Historia- |
| Subdivisión de forma | Reseñas bibliográficas. |
| 9 (RLIN) | 226203 |
| 700 1# - ENTRADA AGREGADA--NOMBRE PERSONAL | |
| Nombre de persona | Egea Bruno, Pedro María. |
| 9 (RLIN) | 46708 |
| 700 1# - ENTRADA AGREGADA--NOMBRE PERSONAL | |
| Nombre de persona | Vilar, María José. |
| 9 (RLIN) | 114799 |
| 710 2# - ENTRADA AGREGADA--NOMBRE DE ENTIDAD CORPORATIVA | |
| Nombre de entidad corporativa o nombre de jurisdicción como elemento de entrada | Universidad de Murcia. |
| Unidad subordinada | Departamento de Historia Moderna, Contemporánea y de América. |
| 9 (RLIN) | 7239 |
| 740 02 - ENTRADA AGREGADA--TÍTULO RELACIONADO/ANALÍTICO NO CONTROLADO | |
| Título relacionado o analítico no controlado | Sobre nacionalismo, regionalismo y articulación del Estado en la España contemporánea: el caso de Castilla y León. |
| 740 32 - ENTRADA AGREGADA--TÍTULO RELACIONADO/ANALÍTICO NO CONTROLADO | |
| Título relacionado o analítico no controlado | La transición y consolidación democráticas en España, a través de sus protagonistas. |
| 852 ## - LOCALIZACIÓN | |
| Ubicación | ES-MaACL |
| Número de control de estantería | 2139-F-21 |
| Nota libre | . - Dedicatoria autógrafa de Juan B. Vilar |
| Estatus retirado | Estado de pérdida | Estado de daño | No para préstamo | Colección | Biblioteca de origen | Biblioteca actual | Ubicación en estantería | Fecha de adquisición | Fuente de adquisición | Total de préstamos | Signatura topográfica completa | Código de barras | Visto por última vez | Precio de reemplazo | Tipo de ítem Koha |
|---|---|---|---|---|---|---|---|---|---|---|---|---|---|---|---|
| Colección de folletos | Biblioteca del Ateneo de Madrid | Biblioteca del Ateneo de Madrid | Depósito folletos | 21/01/2016 | 2139-F-21 | 1194623 | 23/02/2023 | 23/02/2023 | Folleto |
